Language Quiz

Random Language or French Quiz

French: Numbers Quiz Stats

 Plays Quiz Updated Oct 19, 2018

Score 0/28 Timer 05:00
14 Plays Today
English French % Correct
Oneun
99.3%
Twodeux
93.8%
Threetrois
93.4%
Sevensept
90.1%
Fivecinq
90.1%
Tendix
89.5%
Fourquatre
89.4%
Nineneuf
89.3%
Sixsix
88.2%
Eighthuit
87.4%
Elevenonze
84.7%
Twelvedouze
77.1%
Nineteendix-neuf
76.3%
Seventeendix-sept
76.2%
English French % Correct
Eighteendix-huit
75.9%
Fourteenquatorze
73.1%
Twentyvingt
72.5%
Thirteentreize
71.2%
One Hundredcent
66.3%
Thirtytrente
65.8%
Sixteenseize
65.5%
Fifteenquinze
64.2%
Fortyquarante
58.9%
Fiftycinquante
55.2%
Sixtysoixante
52.9%
Eightyquatre-vingt
51.4%
Seventysoixante-dix
49.8%
Ninetyquatre-vingt-dix
48.2%

You're not logged in!

Compare scores with friends on all Sporcle quizzes.
OR
Log In

You Might Also Like...

Show Comments

Extras

Top Quizzes Today


Score Distribution

Your Account Isn't Verified!

In order to create a playlist on Sporcle, you need to verify the email address you used during registration. Go to your Sporcle Settings to finish the process.

Report this User

Report this user for behavior that violates our Community Guidelines.

Details: